[Event "Regionalliga NO 0304"]
[Site "Bayern"]
[Date "2003.12.14"]
[Round "4.3"]
[White "Lumper, Thomas"]
[Black "Muehl, Theo"]
[Result "1/2-1/2"]
[WhiteElo "2242"]
[BlackElo "2149"]
[PlyCount "107"]
[EventDate "2003.10.??"]
[EventType "team-tourn"]
[EventRounds "9"]
[EventCountry "GER"]
[SourceTitle "EXT 2006"]
[Source "ChessBase"]
[SourceDate "2005.11.24"]
[SourceVersion "1"]
[SourceVersionDate "2005.11.24"]
[SourceQuality "1"]
[WhiteTeam "Regensburg Eulenspiegel"]
[BlackTeam "Regensburg Fortuna III"]
[WhiteTeamCountry "GER"]
[BlackTeamCountry "GER"]

1. c4 e6 2. Nc3 d5 3. d4 c6 4. cxd5 exd5 5. Nf3 Nf6 6. Bg5 Be7 7. e3 Bf5 8. Bd3 Bxd3 9. Qxd3 Nbd7 10. 0-0 0-0 11. Bxf6 Nxf6 12. Rab1 Re8 13. b4 a6 14. a4 Bd6 15. b5 axb5 16. axb5 Ra3 17. Qc2 Qa5 18. Rfc1 Bb4 19. Nd1 cxb5 20. Qc7 Qxc7 21. Rxc7 Bd6 22. Rxb7 b4 23. Ne5 Bxe5 24. dxe5 Rxe5 25. R7xb4 g6 26. Rd4 Re4 27. Rd2 Rc4 28. Kf1 Kg7 29. Ke2 Ra5 30. f3 Ra3 31. Rb7 Rca4 32. Rbb2 Rc4 33. g4 h6 34. h4 g5 35. h5 Rc5 36. Rd3 Ra1 37. Rbd2 Rcc1 38. Rc3 Rab1 39. Rxc1 Rxc1 40. Kd3 Ra1 41. Kd4 Ra4+ 42. Ke5 Ra5 43. Nc3 Ra3 44. Kd4 Rb3 45. Rd3 Rb4+ 46. Ke5 Rb3 47. Kf5 Ra3 48. Ke5 Rb3 49. Kd6 Rb6+ 50. Ke5 Rb3 51. Kd4 Rb4+ 52. Kc5 Rb3 53. Kc6 Kf8 54. Kc5 1/2-1/2

[Event "Regionalliga NO 0304"]
[Site "Bayern"]
[Date "2003.11.02"]
[Round "2.2"]
[White "Muehl, Theo"]
[Black "Rossbach, Knut"]
[Result "0-1"]
[WhiteElo "2149"]
[BlackElo "2078"]
[PlyCount "82"]
[EventDate "2003.10.??"]
[EventType "team-tourn"]
[EventRounds "9"]
[EventCountry "GER"]
[SourceTitle "EXT 2006"]
[Source "ChessBase"]
[SourceDate "2005.11.24"]
[SourceVersion "1"]
[SourceVersionDate "2005.11.24"]
[SourceQuality "1"]
[WhiteTeam "Regensburg Fortuna III"]
[BlackTeam "Zirndorf II"]
[WhiteTeamCountry "GER"]
[BlackTeamCountry "GER"]

1. Nf3 Nf6 2. g3 d5 3. Bg2 g6 4. 0-0 Bg7 5. c4 c6 6. cxd5 cxd5 7. Qb3 0-0 8. d4 Nc6 9. Nc3 Na5 10. Qd1 Ne4 11. Ne5 Nxc3 12. bxc3 Be6 13. Bf4 Rc8 14. Rc1 b6 15. h4 f6 16. Nd3 Qd7 17. Nb4 Nc4 18. Re1 a5 19. Nd3 Bg4 20. f3 e5 21. Bd2 Bh3 22. Nf2 Bxg2 23. Kxg2 e4 24. Ng4 Qe6 25. Ne3 Nd6 26. Rb1 Nc4 27. Nxc4 Rxc4 28. Qb3 Rc6 29. Qb5 Rd8 30. Rf1 f5 31. Bg5 Rd7 32. Bf4 h6 33. Rfd1 Kh7 34. Rb3 Bf6 35. Rdb1 g5 36. hxg5 hxg5 37. Bd2 Kg6 38. Qa6 Bd8 39. Qa8 exf3+ 40. Kxf3 Rh7 41. Be3 Rh2 0-1

[Event "Regionalliga NO 0102"]
[Site "Bayern"]
[Date "2002.02.24"]
[Round "6.5"]
[White "Finster, Michael"]
[Black "Muehl, Theo"]
[Result "1-0"]
[WhiteElo "2065"]
[BlackElo "2150"]
[PlyCount "87"]
[EventDate "2001.10.07"]
[EventType "team-tourn"]
[EventRounds "9"]
[EventCountry "GER"]
[SourceTitle "EXT 2003"]
[Source "ChessBase"]
[SourceDate "2002.11.25"]
[SourceVersion "1"]
[SourceVersionDate "2002.11.25"]
[SourceQuality "1"]
[WhiteTeam "Nuernberg Sued SW"]
[BlackTeam "Regensburg II"]
[WhiteTeamCountry "GER"]
[BlackTeamCountry "GER"]

1. e4 e6 2. d4 d5 3. Nd2 c5 4. exd5 exd5 5. Ngf3 Nc6 6. Bb5 Bd6 7. 0-0 Nge7 8. dxc5 Bxc5 9. Nb3 Bb6 10. a3 0-0 11. Bf4 Ng6 12. Bg3 a6 13. Bd3 Qf6 14. c3 Bf5 15. Bxf5 Qxf5 16. Nbd4 Qf6 17. Qb3 Nxd4 18. Nxd4 Rfd8 19. Rad1 Rd7 20. Rd3 Ba7 21. Re1 h6 22. Rf3 Qd8 23. Nf5 Bb8 24. h4 h5 25. Rfe3 Bxg3 26. Rxg3 Qf8 27. Qd1 Re8 28. Rxe8 Qxe8 29. Re3 Qd8 30. Qxh5 Ne7 31. Nd4 Ng6 32. Nf5 Ne7 33. Nd4 Ng6 34. g3 Re7 35. Qg5 Qd7 36. Nf5 Rxe3 37. Nxe3 Ne7 38. Qe5 f6 39. Qd4 Qb5 40. b3 Qe2 41. Nxd5 Nf5 42. Qc4 Qd1+ 43. Kg2 Kh7 44. Qe4 1-0

[Event "Regionalliga NO 0102"]
[Site "Bayern"]
[Date "2001.10.07"]
[Round "1.5"]
[White "Muehl, Theo"]
[Black "Sarec, Ivica"]
[Result "0-1"]
[WhiteElo "2150"]
[BlackElo "2095"]
[PlyCount "82"]
[EventDate "2001.10.07"]
[EventType "team-tourn"]
[EventRounds "9"]
[EventCountry "GER"]
[SourceTitle "EXT 2003"]
[Source "ChessBase"]
[SourceDate "2002.11.25"]
[SourceVersion "1"]
[SourceVersionDate "2002.11.25"]
[SourceQuality "1"]
[WhiteTeam "Regensburg II"]
[BlackTeam "Puschendorf"]
[WhiteTeamCountry "GER"]
[BlackTeamCountry "GER"]

1. Nf3 c5 2. g3 Nc6 3. Bg2 g6 4. 0-0 Bg7 5. c3 e5 6. e4 Nge7 7. Na3 0-0 8. Nc2 d5 9. d3 h6 10. b4 c4 11. dxc4 dxe4 12. Qxd8 Rxd8 13. Nd2 f5 14. Rd1 Be6 15. Ba3 Kf7 16. Bf1 h5 17. b5 Nb8 18. c5 Nd7 19. Nc4 Rab8 20. Rd6 Rdc8 21. Rd2 Kf6 22. Nd6 Rc7 23. Bc4 Nxc5 24. Ne3 Bh6 25. Bxe6 Bxe3 26. fxe3 Kxe6 27. Nc4 Nd5 28. b6 axb6 29. Bxc5 Rxc5 30. Rad1 b5 31. Na5 Nxe3 32. Rd6+ Ke7 33. Rd7+ Kf6 34. R1d6+ Kg5 35. Rg7 Kg4 36. Rgxg6+ Kf3 37. Rd2 Ng4 38. h3 e3 39. Rd1 e2 40. Re1 Ne3 41. Nb3 Rd5 0-1

[Event "Regionalliga NO 9899"]
[Site "Bayern"]
[Date "1999.??.??"]
[Round "8.3"]
[White "Ponnath, Lorenz"]
[Black "Muehl, Theo"]
[Result "0-1"]
[WhiteElo "2080"]
[BlackElo "1758"]
[PlyCount "72"]
[EventDate "1998.??.??"]
[EventType "team-tourn"]
[EventRounds "9"]
[EventCountry "GER"]
[SourceTitle "EXT 2020"]
[Source "ChessBase"]
[SourceDate "2019.10.17"]
[SourceVersion "1"]
[SourceVersionDate "2019.10.17"]
[SourceQuality "1"]
[WhiteTeam "Schwabach"]
[BlackTeam "Regensburg Fortuna II"]
[WhiteTeamCountry "GER"]
[BlackTeamCountry "GER"]

1. c4 e6 2. g3 d5 3. Bg2 c6 4. b3 dxc4 5. bxc4 Qd4 6. Nc3 Qxc4 7. Bb2 Nf6 8. Nf3 Nbd7 9. 0-0 Be7 10. d4 0-0 11. Qd2 Rd8 12. Rfc1 Qb4 13. Rab1 Qa5 14. e4 Qh5 15. Qe1 e5 16. Ne2 Nxe4 17. dxe5 Ng5 18. Nfd4 Ne6 19. Nxe6 fxe6 20. Nf4 Qf7 21. Bc3 Rb8 22. Bh3 Nb6 23. Ba5 Ra8 24. Qe2 Bg5 25. Rd1 Rxd1+ 26. Rxd1 Nd5 27. Nd3 b6 28. Be1 Be7 29. Qg4 h5 30. Qa4 Bd7 31. f4 Rd8 32. Qxa7 Bc8 33. Nf2 Qf8 34. Qa8 Qe8 35. Ne4 Nxf4 36. Rxd8 Qxd8 0-1

[Event "Regionalliga NO 9798"]
[Site "Bayern"]
[Date "1997.??.??"]
[Round "?.1"]
[White "Teslia, Vladimir"]
[Black "Muehl, Theo"]
[Result "1/2-1/2"]
[WhiteElo "2190"]
[BlackElo "1758"]
[PlyCount "86"]
[EventDate "1997.10.??"]
[EventType "team-tourn"]
[EventRounds "9"]
[EventCountry "GER"]
[SourceTitle "EXT 2020"]
[Source "ChessBase"]
[SourceDate "2019.10.17"]
[SourceVersion "1"]
[SourceVersionDate "2019.10.17"]
[SourceQuality "1"]
[WhiteTeam "Postbauer"]
[BlackTeam "Regensburg Fortuna II"]
[WhiteTeamCountry "GER"]
[BlackTeamCountry "GER"]

1. e4 e6 2. d4 d5 3. Nd2 c5 4. exd5 exd5 5. Bb5+ Bd7 6. Bxd7+ Qxd7 7. dxc5 Bxc5 8. Nb3 Bb6 9. Nf3 Nc6 10. 0-0 Nge7 11. Re1 0-0 12. Be3 Bxe3 13. Rxe3 Rad8 14. c3 Rfe8 15. Qd2 b6 16. Rae1 Kf8 17. Nfd4 Nxd4 18. Nxd4 Nf5 19. Nxf5 Qxf5 20. g3 Re6 21. Rxe6 fxe6 22. Qd4 Re8 23. Kg2 Kg8 24. Re2 Rf8 25. f4 h6 26. Qe5 Qxe5 27. Rxe5 Kf7 28. f5 Re8 29. fxe6+ Rxe6 30. Rxd5 Re2+ 31. Kh3 Rxb2 32. Rd7+ Kf6 33. Rxa7 h5 34. Rb7 g5 35. g4 h4 36. c4 Ke5 37. c5 Rxa2 38. Rxb6 Ra3+ 39. Kg2 h3+ 40. Kf2 Rc3 41. c6 Kf4 42. Rb4+ Ke5 43. Rb5+ Kf4 1/2-1/2

[Event "Regionalliga NO 9697"]
[Site "Bayern"]
[Date "1996.??.??"]
[Round "?"]
[White "Muehl, Theo"]
[Black "Teslia, Vladimir"]
[Result "0-1"]
[WhiteElo "2145"]
[BlackElo "2210"]
[PlyCount "89"]
[EventDate "1996.10.??"]
[EventType "team-tourn"]
[EventRounds "9"]
[EventCountry "GER"]
[SourceTitle "EXT 1999"]
[Source "ChessBase"]
[SourceDate "1998.11.16"]
[SourceVersion "1"]
[SourceVersionDate "1998.11.16"]
[SourceQuality "1"]
[WhiteTeam "Regensburg Fortuna II"]
[BlackTeam "Postbauer"]
[WhiteTeamCountry "GER"]
[BlackTeamCountry "GER"]

1. Nf3 c5 2. g3 g6 3. Bg2 Bg7 4. 0-0 Nc6 5. c3 e5 6. d3 Nge7 7. e4 d6 8. Na3 0-0 9. Ne1 Be6 10. Nac2 d5 11. Qe2 Qd7 12. Be3 b6 13. f4 Rad8 14. Nf3 exf4 15. gxf4 dxe4 16. dxe4 Bh3 17. Bxh3 Qxh3 18. Ng5 Qd7 19. Rad1 Qc8 20. Rxd8 Nxd8 21. Qf3 f5 22. e5 h6 23. Nh3 Ne6 24. Rd1 Rd8 25. Rd6 Bf8 26. Qd1 Nc6 27. Rd5 Ne7 28. Rxd8 Qxd8 29. Qe2 Qd5 30. b3 Kf7 31. Nf2 h5 32. Qd3 Bh6 33. c4 Qb7 34. Qd2 a6 35. Ne1 b5 36. cxb5 axb5 37. Qd6 c4 38. Nc2 Bxf4 39. Bxf4 Nxf4 40. Ne3 cxb3 41. axb3 Qc6 42. Qd2 Qe6 43. Neg4 hxg4 44. Qxf4 Qxb3 45. Nxg4 0-1

[Event "Regionalliga NO 9495"]
[Site "Bayern"]
[Date "1995.??.??"]
[Round "?.1"]
[White "Kotissek, Philipp"]
[Black "Muehl, Theo"]
[Result "1/2-1/2"]
[WhiteElo "2055"]
[BlackElo "2095"]
[PlyCount "92"]
[EventDate "1994.10.??"]
[EventType "team-tourn"]
[EventRounds "9"]
[EventCountry "GER"]
[SourceTitle "EXT 1999"]
[Source "ChessBase"]
[SourceDate "1998.11.16"]
[SourceVersion "1"]
[SourceVersionDate "1998.11.16"]
[SourceQuality "1"]
[WhiteTeam "Schwanstetten"]
[BlackTeam "Regensburg Fortuna II"]
[WhiteTeamCountry "GER"]
[BlackTeamCountry "GER"]

1. c4 e6 2. Nf3 d5 3. g3 Bd6 4. Bg2 Nf6 5. 0-0 0-0 6. b3 c5 7. cxd5 exd5 8. d4 Ne4 9. Bb2 Nc6 10. Nc3 Nxc3 11. Bxc3 Be6 12. Rc1 b6 13. e3 Rc8 14. dxc5 bxc5 15. Qd2 Qe7 16. Rfd1 Rfd8 17. Qe2 Rd7 18. Ne1 Be5 19. Nd3 Bxc3 20. Rxc3 c4 21. Nf4 Qb4 22. Qc2 Ne7 23. Nxe6 fxe6 24. Bh3 Rd6 25. bxc4 dxc4 26. Rxd6 Qxd6 27. Rxc4 Rxc4 28. Qxc4 Kf7 29. Qf4+ Qxf4 30. exf4 Nd5 31. Bf1 Kf6 32. Kg2 e5 33. Bc4 Nb6 34. fxe5+ Kxe5 35. Bg8 h6 36. Kf3 Nd7 37. h4 Nf6 38. Bb3 g5 39. hxg5 hxg5 40. Ke3 Ng4+ 41. Ke2 Kd4 42. Be6 Nf6 43. f4 gxf4 44. gxf4 Ke4 45. f5 Nh5 46. Kd2 Ng7 1/2-1/2

[Event "Regionalliga NO 9596"]
[Site "Bayern"]
[Date "1995.??.??"]
[Round "?"]
[White "Muehl, Theo"]
[Black "Hauernherm, Wolfgang"]
[Result "1/2-1/2"]
[WhiteElo "2130"]
[BlackElo "2120"]
[PlyCount "80"]
[EventDate "1995.10.??"]
[EventType "team-tourn"]
[EventRounds "9"]
[EventCountry "GER"]
[SourceTitle "EXT 1999"]
[Source "ChessBase"]
[SourceDate "1998.11.16"]
[SourceVersion "1"]
[SourceVersionDate "1998.11.16"]
[SourceQuality "1"]
[WhiteTeam "Regensburg Fortuna II"]
[BlackTeam "Lauf"]
[WhiteTeamCountry "GER"]
[BlackTeamCountry "GER"]

1. Nf3 Nf6 2. g3 g6 3. Bg2 Bg7 4. d3 d5 5. Nbd2 Nbd7 6. c4 0-0 7. 0-0 c6 8. cxd5 cxd5 9. Nb3 e5 10. Bd2 b6 11. Rc1 Bb7 12. h3 Rc8 13. Bg5 h6 14. Bd2 Qe7 15. d4 e4 16. Nh2 Rxc1 17. Nxc1 Rc8 18. Re1 Nb8 19. e3 Ba6 20. Ne2 Nc6 21. Qa4 Qb7 22. Bf1 Bf8 23. Rc1 Bd6 24. b4 Bc4 25. b5 Ne7 26. Nf4 Bxf1 27. Rxf1 Rc4 28. Qb3 Qc8 29. Kg2 Nf5 30. Ne2 Qc7 31. Ng4 Nxg4 32. hxg4 Ne7 33. Rc1 Rxc1 34. Bxc1 Qd7 35. Ba3 Bxa3 36. Qxa3 Qxb5 37. Qxe7 Qxe2 38. Qxa7 Qxg4 39. Qxb6 Qf3+ 40. Kg1 Qd1+ 1/2-1/2

[Event "Regionalliga NO 9495"]
[Site "Bayern"]
[Date "1995.??.??"]
[Round "?.1"]
[White "Schatz, Christian"]
[Black "Muehl, Theo"]
[Result "1/2-1/2"]
[WhiteElo "2160"]
[BlackElo "2095"]
[PlyCount "48"]
[EventDate "1994.10.??"]
[EventType "team-tourn"]
[EventRounds "9"]
[EventCountry "GER"]
[SourceTitle "EXT 1999"]
[Source "ChessBase"]
[SourceDate "1998.11.16"]
[SourceVersion "1"]
[SourceVersionDate "1998.11.16"]
[SourceQuality "1"]
[WhiteTeam "Gunzenhausen"]
[BlackTeam "Regensburg Fortuna II"]
[WhiteTeamCountry "GER"]
[BlackTeamCountry "GER"]

1. Nf3 e6 2. c4 f5 3. g3 Nf6 4. Bg2 Be7 5. 0-0 0-0 6. Nc3 c6 7. d3 d6 8. e4 e5 9. exf5 Bxf5 10. d4 e4 11. Nh4 Be6 12. d5 cxd5 13. cxd5 Bg4 14. f3 exf3 15. Bxf3 Bxf3 16. Qxf3 Nbd7 17. Qf5 Nc5 18. Be3 Nfe4 19. Qg4 Bxh4 20. Nxe4 Nxe4 21. Qxe4 Re8 22. Qxh4 Qxh4 23. gxh4 Rxe3 24. Rac1 Re7 1/2-1/2

[Event "Regionalliga NO 9596"]
[Site "Bayern"]
[Date "1995.??.??"]
[Round "?"]
[White "Uschold, Jens"]
[Black "Muehl, Theo"]
[Result "1-0"]
[WhiteElo "2160"]
[BlackElo "2130"]
[PlyCount "45"]
[EventDate "1995.10.??"]
[EventType "team-tourn"]
[EventRounds "9"]
[EventCountry "GER"]
[SourceTitle "EXT 1999"]
[Source "ChessBase"]
[SourceDate "1998.11.16"]
[SourceVersion "1"]
[SourceVersionDate "1998.11.16"]
[SourceQuality "1"]
[WhiteTeam "Nuernberg Noris Tarrasch II"]
[BlackTeam "Regensburg Fortuna II"]
[WhiteTeamCountry "GER"]
[BlackTeamCountry "GER"]

1. e4 e6 2. d4 d5 3. e5 c5 4. c3 Nc6 5. Nf3 Qb6 6. a3 a5 7. Bd3 Bd7 8. Bc2 f6 9. 0-0 fxe5 10. Nxe5 Nxe5 11. dxe5 Be7 12. Qh5+ Kd8 13. Qf7 Nf6 14. exf6 Bxf6 15. Bg5 Qxb2 16. Qxg7 Bxg5 17. Qxh8+ Be8 18. Qg8 h6 19. f4 Be7 20. Bg6 Kd7 21. f5 Bxg6 22. Qxe6+ Kd8 23. fxg6 1-0

[Event "Regionalliga NO 9495"]
[Site "Bayern"]
[Date "1994.??.??"]
[Round "?.1"]
[White "Heimrath, Reiner"]
[Black "Muehl, Theo"]
[Result "0-1"]
[WhiteElo "2215"]
[BlackElo "2095"]
[PlyCount "94"]
[EventDate "1994.10.??"]
[EventType "team-tourn"]
[EventRounds "9"]
[EventCountry "GER"]
[SourceTitle "EXT 1999"]
[Source "ChessBase"]
[SourceDate "1998.11.16"]
[SourceVersion "1"]
[SourceVersionDate "1998.11.16"]
[SourceQuality "1"]
[WhiteTeam "Fuerth SF"]
[BlackTeam "Regensburg Fortuna II"]
[WhiteTeamCountry "GER"]
[BlackTeamCountry "GER"]

1. e4 e6 2. b3 d5 3. Bb2 dxe4 4. Nc3 Nf6 5. g4 h6 6. Bg2 Bd7 7. Qe2 Bc6 8. Nxe4 Nxe4 9. Bxe4 Bxe4 10. Qxe4 Qd5 11. Qxd5 exd5 12. 0-0-0 Nc6 13. Re1+ Kd7 14. Nh3 Nd8 15. Re5 c6 16. Rf5 f6 17. Nf4 Ne6 18. Nh5 Be7 19. Re1 Rhf8 20. h4 Rf7 21. Rf3 Re8 22. c4 d4 23. Ng3 c5 24. Ne4 Ref8 25. Rf5 Kc8 26. h5 b6 27. a3 Nd8 28. Kc2 Nc6 29. d3 Kc7 30. Bc1 Ne5 31. Rg1 Bd6 32. Bd2 Kd7 33. b4 Re8 34. bxc5 bxc5 35. f3 Rb8 36. Nxd6 Kxd6 37. Bf4 Rfb7 38. Bc1 Rb3 39. f4 Rc3+ 40. Kd1 Nxd3 41. Bd2 Nb2+ 42. Ke2 Re8+ 43. Kf1 Rc2 44. Rd5+ Kc6 45. Rg2 Nxc4 46. Rxc5+ Kxc5 47. Bb4+ Kd5 0-1

[Event "BL2-Ost 9192"]
[Site "Germany"]
[Date "1992.??.??"]
[Round "?"]
[White "Muehl, Theo"]
[Black "Martin, Thomas2222"]
[Result "0-1"]
[WhiteElo "2210"]
[BlackElo "2220"]
[PlyCount "154"]
[EventDate "1991.10.??"]
[EventType "team-tourn"]
[EventRounds "9"]
[EventCountry "GER"]
[SourceTitle "GER-chT2"]
[Source "ChessBase"]
[SourceDate "1999.07.01"]
[SourceVersion "1"]
[SourceVersionDate "1999.07.01"]
[SourceQuality "1"]

1. Nf3 d5 2. g3 Nf6 3. Bg2 Bf5 4. c4 c6 5. cxd5 cxd5 6. Qb3 Qc8 7. Nc3 e6 8. d3 Nc6 9. 0-0 Be7 10. Bf4 0-0 11. Rac1 h6 12. Nb5 Qd7 13. Nbd4 Rac8 14. Nxf5 exf5 15. Ne5 Qe6 16. Nxc6 bxc6 17. Rfe1 c5 18. Rc2 Rc6 19. Rec1 Rb6 20. Qc3 g5 21. Bd2 d4 22. Qc4 Qxc4 23. dxc4 Ne4 24. Be1 g4 25. Bf1 Bg5 26. Rd1 h5 27. b4 cxb4 28. c5 Rc6 29. Rxd4 a5 30. Rd5 Rfc8 31. Bg2 Rxc5 32. Rdxc5 Nxc5 33. f4 Bf6 34. Rc4 Rd8 35. Kf2 Ne6 36. e4 fxe4 37. Bxe4 Rd4 38. Rc8+ Kg7 39. Bc2 Rd5 40. Bb3 Rd6 41. Ra8 Bd4+ 42. Ke2 Bb6 43. Bf2 Bxf2 44. Kxf2 Rd2+ 45. Ke3 Rxh2 46. Rxa5 Rg2 47. Rxh5 Rxg3+ 48. Ke4 Rc3 49. Bxe6 fxe6 50. Rg5+ Kf6 51. Rxg4 Rc2 52. Rg1 Re2+ 53. Kd3 Rxa2 54. Re1 Rf2 55. Re4 b3 56. Rb4 Kf5 57. Ke3 Rh2 58. Rb5+ Kg4 59. Rg5+ Kh4 60. Rb5 Kg4 61. Rg5+ Kh4 62. Rb5 b2 63. Kf3 Rh3+ 64. Ke4 Rh2 65. Kf3 Rc2 66. Ke3 Kg3 67. Rg5+ Kh2 68. Rb5 Kg2 69. Ke4 Rf2 70. Ke5 Re2+ 71. Kd4 Kf2 72. f5 exf5 73. Rxf5+ Ke1 74. Rb5 Kd1 75. Kd3 Rd2+ 76. Kc3 Rc2+ 77. Kd3 Kc1 0-1

[Event "BL2-Sued 9091"]
[Site "Germany"]
[Date "1991.??.??"]
[Round "?.6"]
[White "Kuenzner, Franz"]
[Black "Muehl, Theo"]
[Result "1-0"]
[WhiteElo "2275"]
[BlackElo "2210"]
[PlyCount "81"]
[EventDate "1990.10.??"]
[EventType "team-tourn"]
[EventRounds "9"]
[EventCountry "GER"]
[SourceTitle "GER-chT2"]
[Source "ChessBase"]
[SourceDate "1999.07.01"]
[SourceVersion "1"]
[SourceVersionDate "1999.07.01"]
[SourceQuality "1"]
[WhiteTeam "Sendling"]
[BlackTeam "Regensburg"]
[WhiteTeamCountry "GER"]
[BlackTeamCountry "GER"]

1. f4 f5 2. Nf3 Nf6 3. e3 e6 4. c4 c6 5. b3 Be7 6. Be2 0-0 7. 0-0 b6 8. d4 Bb7 9. Ba3 Ne4 10. Bxe7 Qxe7 11. Nfd2 Nxd2 12. Qxd2 d5 13. b4 Nd7 14. Qb2 a5 15. b5 cxb5 16. cxb5 Rac8 17. Nd2 Nf6 18. Rfc1 h6 19. Rxc8 Rxc8 20. Rc1 Kh7 21. Rxc8 Bxc8 22. Qc1 Bd7 23. a3 Qe8 24. a4 Qe7 25. Qc3 Qd6 26. h3 Be8 27. Bd3 g5 28. fxg5 hxg5 29. Nf3 Kh6 30. Ne5 Qb8 31. Qa3 Nd7 32. Kf2 Nxe5 33. Qf8+ Kg6 34. dxe5 Qc8 35. Qg8+ Kh6 36. Qh8+ Kg6 37. Be2 g4 38. hxg4 Bd7 39. Qf6+ Kh7 40. gxf5 exf5 41. Qxb6 1-0

[Event "BL qual"]
[Site "Germany"]
[Date "1991.??.??"]
[Round "?.7"]
[White "Oppitz, Peter"]
[Black "Muehl, Theo"]
[Result "0-1"]
[WhiteElo "2265"]
[BlackElo "2210"]
[PlyCount "200"]
[EventDate "1991.??.??"]
[EventType "team-tourn"]
[EventRounds "3"]
[EventCountry "GER"]
[SourceTitle "TD"]
[Source "ChessBase"]
[SourceDate "1994.03.01"]
[SourceVersion "1"]
[SourceVersionDate "1994.03.01"]
[SourceQuality "1"]
[WhiteTeam "Hannover HSK"]
[BlackTeam "Regensburg Fortuna"]
[WhiteTeamCountry "GER"]
[BlackTeamCountry "GER"]

1. e4 e6 2. d4 d5 3. Nc3 Bb4 4. e5 c5 5. a3 Bxc3+ 6. bxc3 Qc7 7. Nf3 b6 8. Bb5+ Bd7 9. Bd3 Ba4 10. 0-0 Nd7 11. Ng5 Nf8 12. Be3 h6 13. Nh3 c4 14. Be2 Ne7 15. Nf4 0-0-0 16. Nh5 Rg8 17. Bg4 Nf5 18. Bd2 Nh7 19. g3 g6 20. Nf4 Ng7 21. Be3 Qe7 22. Qd2 Ng5 23. Rfc1 Nf5 24. Kg2 Ne4 25. Qe1 Nxe3+ 26. Qxe3 h5 27. Bf3 Ng5 28. h4 Nh7 29. Qe2 Kc7 30. Nh3 Rg7 31. Rh1 Rh8 32. Qd2 Bc6 33. Ng5 Nxg5 34. hxg5 Rgh7 35. Rh4 Ba4 36. Be2 Qf8 37. Bd1 Qe7 38. Qc1 Qd8 39. Qd2 Qe7 40. Qe3 Qf8 41. Qd2 Qe7 42. f4 Qf8 43. Qc1 Qg7 44. Qb2 a5 45. Be2 Rb8 46. Qa2 Rhh8 47. Kf2 Rbd8 48. Rah1 Ra8 49. Qb2 Rab8 50. Rb1 Kc6 51. Qa2 b5 52. Bf3 Kc7 53. Ra1 Ra8 54. Qb2 Kd7 55. Be2 Rhb8 56. Rhh1 Qf8 57. Rhb1 Qc8 58. Qc1 Rb7 59. Qd2 Qc6 60. Ra2 Rab8 61. Rab2 Ke7 62. Kg2 Kf8 63. Kh3 Qe8 64. Bf3 Qe7 65. Ra2 Kg7 66. Qc1 Qd7 67. Rab2 Qe7 68. Ra2 Ra7 69. Qd2 Qf8 70. Bd1 Qc8 71. Rab2 Qc6 72. Be2 Rab7 73. Bd1 b4 74. axb4 axb4 75. Rxb4 Rxb4 76. Rxb4 Rxb4 77. cxb4 c3 78. Qe3 Qc4 79. Be2 Qxb4 80. Bd3 Qb1 81. Qf2 Qh1+ 82. Qh2 Qe1 83. Kg2 Qd1 84. Kh3 Kf8 85. Qf2 Ke7 86. Kg2 Kd8 87. Kh2 Kc7 88. f5 gxf5 89. Qf4 Bxc2 90. g6 fxg6 91. Qg5 Qxd3 92. Qe7+ Kb6 93. Qxe6+ Kb5 94. Qxd5+ Kb4 95. Qd6+ Kb3 96. Qb6+ Ka2 97. e6 Qe2+ 98. Kg1 Be4 99. Qa5+ Kb3 100. Qb6+ Kc2 0-1

[Event "Bundesliga 8990"]
[Site "Germany"]
[Date "1990.??.??"]
[Round "?.8"]
[White "Heinbuch, Detlef Ulrich"]
[Black "Muehl, Theo"]
[Result "1/2-1/2"]
[WhiteElo "2350"]
[BlackElo "2280"]
[PlyCount "88"]
[EventDate "1989.10.??"]
[EventType "team-tourn"]
[EventRounds "15"]
[EventCountry "GER"]
[SourceTitle "GER-chT"]
[Source "ChessBase"]
[SourceDate "1999.07.01"]
[SourceVersion "1"]
[SourceVersionDate "1999.07.01"]
[SourceQuality "1"]
[WhiteTeam "Koeln Porz"]
[BlackTeam "Regensburg"]
[WhiteTeamCountry "GER"]
[BlackTeamCountry "GER"]

1. d4 e6 2. c4 f5 3. Nc3 Nf6 4. g3 d5 5. Nf3 c6 6. b3 Bd6 7. Bg2 0-0 8. 0-0 Ne4 9. Qc2 Bd7 10. Bf4 Bxf4 11. gxf4 Be8 12. Ne5 Nd7 13. Nxd7 Qxd7 14. e3 Bh5 15. Na4 Qe7 16. f3 Nd6 17. Nc5 Rac8 18. Rf2 Kh8 19. Nd3 Rg8 20. Kh1 g5 21. fxg5 Rxg5 22. c5 Nf7 23. f4 Rg7 24. Rg1 Rcg8 25. Rff1 Nh6 26. Qf2 Ng4 27. Qe1 Qf6 28. Bh3 Nh6 29. Rxg7 Qxg7 30. Ne5 Qf6 31. Rg1 Bg4 32. Bf1 Rg7 33. b4 Nf7 34. Qf2 Nxe5 35. fxe5 Qh6 36. Rg3 Rg6 37. Qf4 Qh5 38. h3 Bd1 39. Kh2 Kg7 40. Bg2 h6 41. Rxg6+ Kxg6 42. Qg3+ Kf7 43. Qe1 a6 44. Qf2 Ke8 1/2-1/2

[Event "Bundesliga 8990"]
[Site "Germany"]
[Date "1990.??.??"]
[Round "?.8"]
[White "Muehl, Theo"]
[Black "Schlick, Volker"]
[Result "0-1"]
[WhiteElo "2280"]
[BlackElo "2295"]
[PlyCount "56"]
[EventDate "1989.10.??"]
[EventType "team-tourn"]
[EventRounds "15"]
[EventCountry "GER"]
[SourceTitle "GER-chT"]
[Source "ChessBase"]
[SourceDate "1999.07.01"]
[SourceVersion "1"]
[SourceVersionDate "1999.07.01"]
[SourceQuality "1"]
[WhiteTeam "Regensburg"]
[BlackTeam "Koblenz"]
[WhiteTeamCountry "GER"]
[BlackTeamCountry "GER"]

1. Nf3 g6 2. g3 Bg7 3. d4 c5 4. c3 cxd4 5. Nxd4 Nc6 6. Nc2 d6 7. Bg2 Bd7 8. 0-0 Qc8 9. e4 Bh3 10. Ne3 Bxg2 11. Nxg2 Nf6 12. Qe2 0-0 13. f3 Rb8 14. b3 b5 15. Bb2 Qb7 16. Nd2 a5 17. Rfc1 a4 18. Rab1 d5 19. e5 a3 20. Ba1 Qb6+ 21. Kh1 Nxe5 22. c4 Nc6 23. cxd5 Nb4 24. Ne4 Nbxd5 25. Nxf6+ Bxf6 26. Bxf6 Qxf6 27. Qd3 Rfd8 28. b4 Nc3 0-1

[Event "Bundesliga 8990"]
[Site "Germany"]
[Date "1990.??.??"]
[Round "?.7"]
[White "Muehl, Theo"]
[Black "Schlosser, Philipp"]
[Result "0-1"]
[WhiteElo "2280"]
[BlackElo "2465"]
[PlyCount "80"]
[EventDate "1989.10.??"]
[EventType "team-tourn"]
[EventRounds "15"]
[EventCountry "GER"]
[SourceTitle "GER-chT"]
[Source "ChessBase"]
[SourceDate "1999.07.01"]
[SourceVersion "1"]
[SourceVersionDate "1999.07.01"]
[SourceQuality "1"]
[WhiteTeam "Regensburg"]
[BlackTeam "Bayern Muenchen"]
[WhiteTeamCountry "GER"]
[BlackTeamCountry "GER"]

1. d4 d5 2. e3 Nf6 3. f4 c5 4. c3 g6 5. Nf3 Bg7 6. Bd3 0-0 7. 0-0 b6 8. Qe2 Bb7 9. Bd2 Qc8 10. Ne5 Ba6 11. Be1 Bxd3 12. Qxd3 Qa6 13. Nd2 Qxd3 14. Nxd3 Rc8 15. Bh4 e6 16. Bxf6 Bxf6 17. Rac1 Na6 18. Nf3 Be7 19. g4 b5 20. a3 c4 21. Nde1 Nc7 22. Nc2 a5 23. Nd2 Rab8 24. e4 b4 25. axb4 axb4 26. Ne3 bxc3 27. bxc3 Rb2 28. Rf2 Ra8 29. exd5 exd5 30. Ndf1 Raa2 31. Rxb2 Rxb2 32. Ng2 Ba3 33. Re1 Rc2 34. Re3 Kf8 35. Ng3 Bc1 36. Re5 Bd2 37. Ne2 f6 38. Ne3 Rc1+ 39. Nxc1 fxe5 40. Nc2 exd4 0-1